Cours elementaire d'agriculture meridionale : a l'usage des ecoles primaires et des habitants de la campagne
Αποθηκεύτηκε σε:
| Κύριος συγγραφέας: | |
|---|---|
| Άλλοι συγγραφείς: | |
| Μορφή: | Βιβλίο |
| Γλώσσα: | French |
| Δημοσίευση: |
Paris : Toulon :
G. Masson ; A. Isnard,
1891
|
| Θέματα: | |
| Ετικέτες: |
Προσθήκη ετικέτας
Δεν υπάρχουν, Καταχωρήστε ετικέτα πρώτοι!
|
MARC
| LEADER | 00000cam a2200000 a 4500 | ||
|---|---|---|---|
| 001 | 1/107652 | ||
| 008 | 150723s1891####fr | ||| |||| ||fre|| | ||
| 040 | |a GR-MyUa |b gre |c GR-MyUa |e AACR2 | ||
| 041 | 0 | |a fre | |
| 082 | 7 | |a 630.944 |2 (23) | |
| 100 | 1 | |a Drageon , M. | |
| 245 | 1 | 0 | |a Cours elementaire d'agriculture meridionale : |b a l'usage des ecoles primaires et des habitants de la campagne / |c par M. Drageon et F. Florens ; avec la collaboration de MM. F. Bourrilly, V. Aubert. |
| 260 | |a Paris : |b G. Masson ; |a Toulon : |b A. Isnard, |c 1891 | ||
| 300 | |a iv, 287 σ. : |b εικ. ; |c 19 εκ. | ||
| 500 | |a "Ouvrage illustre de 188 figures". | ||
| 650 | 0 | |a Agriculture |z France. | |
| 700 | 1 | |a Florens, F. | |
| 852 | |a INST |b SAMOS |c MOR |e 20150723 |h 630.944 DRA |p 005300042461 |q 005300042461 |t NOLOAN |y 23 | ||
| 970 | |a Κοσιέρης |b Χρήστος |z 23-07-2015 | ||